| 000 | 00745nam a2200253Ia 4500 | ||
|---|---|---|---|
| 003 | OSt | ||
| 005 | 20220925215233.0 | ||
| 006 | a|||||r|||| 00| 0 | ||
| 007 | ta | ||
| 008 | 220923b |||||||| |||| 00| 0 eng d | ||
| 037 | _cGeneral Book | ||
| 040 |
_aRTL _cRTL _beng |
||
| 041 |
_2eng _aeng |
||
| 082 | _aY, K8;2/TD | ||
| 100 | _aCohen Percy S | ||
| 245 | 0 | _aModern social theory | |
| 260 |
_aLondon _bHeinemann _c1968 |
||
| 300 |
_axi, 247p. _ccm. |
||
| 490 | _aHeinemann books on Sociology. Ed by Donald Gunn MacRae. Studies in Sociology | ||
| 500 | _aBibliography at the end of each chapter | ||
| 650 | _aEssays Sociology | ||
| 942 |
_hY, K8;2/TD _cGB _2CC |
||
| 999 |
_c568263 _d568263 |
||